[Event "WYCC Girls 10"]
[Site "Porto Carras"]
[Date "2015.11.01"]
[Round "7.10"]
[White "Kairbekova, Amina"]
[Black "Nguyen, Ngan Ha"]
[Result "1-0"]
[BlackElo "1459"]
[WhiteElo "1655"]
[LiveChessVersion "1.4.6"]

1. d4 {[%clk 1:30:32]} d5 {[%clk 1:30:36]} 2. Nf3 {[%clk 1:30:36]} e6
{[%clk 1:30:02]} 3. c4 {[%clk 1:30:20]} c5 {[%clk 1:29:30]} 4. cxd5
{[%clk 1:29:37]} exd5 {[%clk 1:28:46]} 5. g3 {[%clk 1:29:56]} Nc6
{[%clk 1:28:08]} 6. Bg2 {[%clk 1:29:25]} Nf6 {[%clk 1:26:14]} 7. O-O
{[%clk 1:27:46]} Be7 {[%clk 1:24:28]} 8. Nc3 {[%clk 1:26:19]} h6 {[%clk 1:22:02]}
9. Be3 {[%clk 1:24:11]} c4 {[%clk 1:20:02]} 10. Ne5 {[%clk 1:23:26]} O-O
{[%clk 1:17:58]} 11. Nxc6 {[%clk 1:21:40]} bxc6 {[%clk 1:18:12]} 12. b3
{[%clk 1:19:13]} cxb3 {[%clk 1:14:17]} 13. axb3 {[%clk 1:16:31]} Bf5
{[%clk 1:12:06]} 14. Rc1 {[%clk 1:15:08]} Ba3 {[%clk 1:09:51]} 15. Na4
{[%clk 1:10:42]} Bxc1 {[%clk 1:09:20]} 16. Qxc1 {[%clk 1:10:56]} Rc8
{[%clk 1:08:41]} 17. Bf4 {[%clk 1:10:11]} Ne4 {[%clk 0:54:35]} 18. f3
{[%clk 1:06:57]} Ng5 {[%clk 0:49:39]} 19. g4 {[%clk 1:02:45]} Bg6
{[%clk 0:47:46]} 20. Qd2 {[%clk 0:59:25]} Ne6 {[%clk 0:45:15]} 21. Bg3
{[%clk 0:56:29]} Re8 {[%clk 0:34:03]} 22. Rc1 {[%clk 0:51:29]} Qg5
{[%clk 0:28:35]} 23. Qxg5 {[%clk 0:49:29]} Nxg5 {[%clk 0:28:12]} 24. Kf2
{[%clk 0:47:25]} Ne6 {[%clk 0:25:48]} 25. e3 {[%clk 0:45:37]} f5 {[%clk 0:19:10]}
26. gxf5 {[%clk 0:42:38]} Bxf5 {[%clk 0:19:01]} 27. Bf1 {[%clk 0:42:48]} Rf8
{[%clk 0:17:55]} 28. Ba6 {[%clk 0:38:34]} Rce8 {[%clk 0:16:43]} 29. Be2
{[%clk 0:35:15]} Ng5 {[%clk 0:15:00]} 30. Be5 {[%clk 0:29:56]} Bd7
{[%clk 0:13:33]} 31. Nc5 {[%clk 0:28:10]} Ne4+ {[%clk 0:13:43]} 32. Nxe4
{[%clk 0:27:38]} dxe4 {[%clk 0:14:10]} 33. f4 {[%clk 0:26:53]} a5
{[%clk 0:12:42]} 34. Rg1 {[%clk 0:26:09]} g5 {[%clk 0:11:14]} 35. h4
{[%clk 0:25:37]} Rf5 {[%clk 0:06:26]} 36. Bg4 {[%clk 0:25:30]} Rf7
{[%clk 0:06:01]} 37. Bh5 {[%clk 0:24:47]} g4 {[%clk 0:05:39]} 38. Bxf7+
{[%clk 0:21:37]} Kxf7 {[%clk 0:06:05]} 39. Ra1 {[%clk 0:20:50]} Ra8
{[%clk 0:06:15]} 40. Bc7 {[%clk 0:50:21]} Be6 {[%clk 0:36:01]} 41. Ra3
{[%clk 0:49:37]} h5 {[%clk 0:32:38]} 42. Kg3 {[%clk 0:48:45]} Bd5
{[%clk 0:31:42]} 43. f5 {[%clk 0:45:17]} Kf6 {[%clk 0:27:39]} 44. Kf4
{[%clk 0:42:26]} Kf7 {[%clk 0:25:17]} 45. Bxa5 {[%clk 0:40:48]} Bxb3
{[%clk 0:23:24]} 46. Rxb3 {[%clk 0:40:44]} Rxa5 {[%clk 0:23:41]} 47. Rb6
{[%clk 0:40:07]} c5 {[%clk 0:21:58]} 48. dxc5 {[%clk 0:38:26]} Rxc5
{[%clk 0:22:14]} 49. Rg6 {[%clk 0:37:36]} Rc8 {[%clk 0:21:23]} 50. Re6
{[%clk 0:31:14]} Re8 {[%clk 0:19:39]} 51. Rh6 {[%clk 0:29:53]} Rg8
{[%clk 0:19:24]} 52. Kg3 {[%clk 0:29:38]} Rg7 {[%clk 0:17:44]} 53. Rxh5
{[%clk 0:29:05]} Kf6 {[%clk 0:17:22]} 54. Rh8 {[%clk 0:28:41]} Kxf5
{[%clk 0:16:51]} 55. Rf8+ {[%clk 0:28:47]} Ke5 {[%clk 0:15:44]} 56. Rf4
{[%clk 0:28:36]} Kd5 {[%clk 0:15:24]} 57. Rxg4 {[%clk 0:28:05]} Rf7
{[%clk 0:15:14]} 58. Rf4 {[%clk 0:27:59]} Rg7+ {[%clk 0:15:29]} 59. Kh3
{[%clk 0:26:56]} Ke5 {[%clk 0:14:44]} 60. h5 {[%clk 0:26:17]} Rg1
{[%clk 0:14:24]} 61. Kh2 {[%clk 0:23:47]} Rg8 {[%clk 0:13:09]} 62. h6
{[%clk 0:23:16]} Rh8 {[%clk 0:13:14]} 63. Rh4 {[%clk 0:23:40]} Kf6
{[%clk 0:12:29]} 64. Kg3 {[%clk 0:23:15]} Kf5 {[%clk 0:12:00]} 65. h7
{[%clk 0:23:20]} Kg5 {[%clk 0:11:10]} 66. Rh3 {[%clk 0:21:33]} Kf5
{[%clk 0:10:57]} 67. Rh5+ {[%clk 0:21:57]} Kg6 {[%clk 0:10:55]} 68. Kg4
{[%clk 0:21:59]} Kf6 {[%clk 0:10:37]} 69. Rh6+ {[%clk 0:21:50]} Ke5
{[%clk 0:10:02]} 70. Kg5 {[%clk 0:22:13]} Kd5 {[%clk 0:10:05]} 71. Kg6
{[%clk 0:22:36]} Kc4 {[%clk 0:10:13]} 72. Kg7 {[%clk 0:22:53]} Ra8
{[%clk 0:09:51]} 73. h8=Q {[%clk 0:23:14]} Rxh8 {[%clk 0:09:43]} 74. Rxh8
{[%clk 0:23:37]} Kd3 {[%clk 0:10:07]} 75. Rh3 {[%clk 0:24:00]} Kd2
{[%clk 0:10:31]} 76. Kf6 1-0

[Event "WYCC Girls 10"]
[Site "Porto Carras"]
[Date "2015.11.01"]
[Round "7.11"]
[White "Nguyen, Anh Nhu"]
[Black "Sivarajasingam, Venetia"]
[Result "0-1"]
[BlackElo "1644"]
[WhiteElo "1462"]
[LiveChessVersion "1.4.6"]

1. e4 {[%clk 1:30:57]} e6 {[%clk 1:30:54]} 2. d4 {[%clk 1:31:22]} d5
{[%clk 1:31:18]} 3. e5 {[%clk 1:31:33]} c5 {[%clk 1:31:41]} 4. c3
{[%clk 1:31:57]} Nc6 {[%clk 1:32:05]} 5. Nf3 {[%clk 1:31:50]} cxd4
{[%clk 1:32:20]} 6. cxd4 {[%clk 1:32:11]} Qb6 {[%clk 1:32:32]} 7. Bd3
{[%clk 1:30:56]} Nge7 {[%clk 1:31:29]} 8. O-O {[%clk 1:28:10]} Bd7
{[%clk 1:29:40]} 9. Nbd2 {[%clk 1:23:51]} Nxd4 {[%clk 1:21:52]} 10. Nxd4
{[%clk 1:24:05]} Qxd4 {[%clk 1:21:54]} 11. Nf3 {[%clk 1:23:26]} Qb6
{[%clk 1:21:22]} 12. Be3 {[%clk 1:21:37]} Qc7 {[%clk 1:19:23]} 13. Rc1
{[%clk 1:18:53]} Nc6 {[%clk 1:19:17]} 14. a3 {[%clk 1:13:58]} Be7
{[%clk 1:13:42]} 15. b4 {[%clk 1:08:21]} a6 {[%clk 1:12:10]} 16. Qc2
{[%clk 1:05:04]} h6 {[%clk 1:07:07]} 17. Qd2 {[%clk 0:59:41]} Qb8
{[%clk 1:00:13]} 18. Bf4 {[%clk 0:40:59]} g5 {[%clk 0:58:34]} 19. Bg3
{[%clk 0:39:51]} g4 {[%clk 0:58:00]} 20. Ne1 {[%clk 0:37:04]} Bg5
{[%clk 0:57:23]} 21. f4 {[%clk 0:31:00]} gxf3 {[%clk 0:55:17]} 22. Qf2
{[%clk 0:23:02]} Bxc1 {[%clk 0:29:32]} 23. Qxf3 {[%clk 0:23:15]} Nd8
{[%clk 0:29:26]} 24. Qf6 {[%clk 0:19:41]} Rg8 {[%clk 0:29:37]} 25. Nf3
{[%clk 0:14:42]} Be3+ {[%clk 0:24:14]} 26. Kh1 {[%clk 0:14:49]} Qc7
{[%clk 0:23:23]} 27. Bh4 {[%clk 0:13:33]} Bb5 {[%clk 0:21:19]} 28. Re1
{[%clk 0:08:55]} Bxd3 {[%clk 0:19:27]} 29. Rxe3 {[%clk 0:08:36]} Be4
{[%clk 0:18:40]} 30. Rc3 {[%clk 0:06:27]} Nc6 {[%clk 0:18:07]} 31. Qxh6
{[%clk 0:05:18]} Bxf3 {[%clk 0:16:43]} 32. Rxf3 {[%clk 0:04:37]} Qxe5
{[%clk 0:16:29]} 33. Re3 {[%clk 0:03:06]} Qg7 {[%clk 0:16:07]} 34. Rxe6+
{[%clk 0:01:42]} fxe6 {[%clk 0:14:47]} 35. Qxe6+ {[%clk 0:02:00]} Ne7
{[%clk 0:14:52]} 36. g3 {[%clk 0:01:57]} Qh7 {[%clk 0:14:02]} 37. Bxe7
{[%clk 0:01:31]} Qe4+ {[%clk 0:13:44]} 0-1

[Event "WYCC Girls 10"]
[Site "Porto Carras"]
[Date "2015.11.01"]
[Round "7.12"]
[White "Shuqja, Klean"]
[Black "Ziegenfuss, Antonia"]
[Result "1/2-1/2"]
[BlackElo "1608"]
[WhiteElo "1414"]
[LiveChessVersion "1.4.6"]

1. e4 {[%clk 1:30:58]} e5 {[%clk 1:30:55]} 2. Nf3 {[%clk 1:31:22]} Nc6
{[%clk 1:31:19]} 3. Bc4 {[%clk 1:31:43]} Nf6 {[%clk 1:31:41]} 4. d3
{[%clk 1:31:53]} Bc5 {[%clk 1:31:18]} 5. c3 {[%clk 1:32:11]} O-O {[%clk 1:31:27]}
6. O-O {[%clk 1:32:31]} d6 {[%clk 1:31:44]} 7. Re1 {[%clk 1:32:21]} a6
{[%clk 1:30:12]} 8. Bb3 {[%clk 1:32:38]} Ba7 {[%clk 1:28:59]} 9. Nbd2
{[%clk 1:32:35]} Ne7 {[%clk 1:27:15]} 10. Nf1 {[%clk 1:29:20]} Ng6
{[%clk 1:27:28]} 11. Ng3 {[%clk 1:24:43]} Be6 {[%clk 1:22:35]} 12. h3
{[%clk 1:17:59]} h6 {[%clk 1:21:05]} 13. d4 {[%clk 1:15:42]} exd4
{[%clk 1:20:23]} 14. cxd4 {[%clk 1:14:12]} Nh7 {[%clk 1:06:09]} 15. Bxe6
{[%clk 1:08:04]} fxe6 {[%clk 1:06:23]} 16. Qb3 {[%clk 1:07:23]} Qf6
{[%clk 0:53:51]} 17. e5 {[%clk 0:55:26]} dxe5 {[%clk 0:52:47]} 18. dxe5
{[%clk 0:55:11]} Qf7 {[%clk 0:51:19]} 19. Qxb7 {[%clk 0:43:06]} Nh4
{[%clk 0:45:54]} 20. Be3 {[%clk 0:38:55]} Bxe3 {[%clk 0:45:46]} 21. fxe3
{[%clk 0:34:27]} Rab8 {[%clk 0:32:06]} 22. Qe4 {[%clk 0:28:14]} Nxf3+
{[%clk 0:26:51]} 23. Qxf3 {[%clk 0:26:13]} Qg6 {[%clk 0:25:12]} 24. Qg4
{[%clk 0:23:37]} Qxg4 {[%clk 0:25:15]} 25. hxg4 {[%clk 0:23:47]} Rxb2
{[%clk 0:25:25]} 26. Re2 {[%clk 0:20:44]} Rxe2 {[%clk 0:25:11]} 27. Nxe2
{[%clk 0:21:05]} Ng5 {[%clk 0:24:37]} 28. Rc1 {[%clk 0:19:12]} Rc8
{[%clk 0:24:40]} 29. Rc6 {[%clk 0:18:12]} a5 {[%clk 0:24:18]} 30. Nd4
{[%clk 0:17:29]} Kf7 {[%clk 0:24:39]} 31. Nb5 {[%clk 0:16:06]} Ke7
{[%clk 0:24:34]} 32. Nd6 {[%clk 0:15:20]} Kd7 {[%clk 0:24:22]} 33. Nxc8
{[%clk 0:15:04]} Kxc6 {[%clk 0:24:47]} 34. Na7+ {[%clk 0:06:59]} Kd5
{[%clk 0:24:02]} 35. a4 {[%clk 0:04:41]} c5 {[%clk 0:23:51]} 36. Kf1
{[%clk 0:04:06]} Kc4 {[%clk 0:23:17]} 37. Nc6 Kb3 {[%clk 0:23:32]} 38. Nxa5+
{[%clk 0:03:21]} Kxa4 {[%clk 0:23:54]} 39. Nc4 {[%clk 0:02:48]} Kb4
{[%clk 0:24:14]} 40. Nd6 {[%clk 0:32:43]} c4 {[%clk 0:54:09]} 41. Ke1
{[%clk 0:33:02]} c3 {[%clk 0:53:55]} 42. Kd1 {[%clk 0:32:59]} Kb3
{[%clk 0:54:06]} 43. Kc1 {[%clk 0:33:14]} c2 {[%clk 0:54:22]} 44. Nb5
{[%clk 0:33:27]} Kc4 {[%clk 0:52:50]} 45. Nd4 {[%clk 0:33:07]} Kd5
{[%clk 0:53:02]} 46. Kxc2 {[%clk 0:32:57]} Kxe5 {[%clk 0:53:26]} 47. Nf3+
{[%clk 0:32:08]} Kf6 {[%clk 0:51:31]} 48. Kd3 {[%clk 0:25:49]} e5
{[%clk 0:51:17]} 49. Nxg5 {[%clk 0:20:03]} Kxg5 {[%clk 0:45:50]} 50. Ke4
{[%clk 0:20:25]} Kxg4 {[%clk 0:41:03]} 51. Kxe5 {[%clk 0:20:40]} Kg3
{[%clk 0:41:25]} 52. Kf5 {[%clk 0:20:55]} h5 {[%clk 0:41:32]} 53. e4
{[%clk 0:20:21]} h4 {[%clk 0:41:59]} 54. e5 {[%clk 0:20:45]} Kxg2
{[%clk 0:42:24]} 55. e6 {[%clk 0:21:10]} h3 {[%clk 0:42:45]} 56. e7
{[%clk 0:21:33]} h2 {[%clk 0:43:10]} 57. e8=Q {[%clk 0:21:56]} h1=Q
{[%clk 0:43:29]} 58. Qe4+ {[%clk 0:21:50]} Kg1 {[%clk 0:43:55]} 59. Qxh1+
{[%clk 0:22:03]} Kxh1 {[%clk 0:44:20]} 60. Kg6 {[%clk 0:22:29]} Kg2
{[%clk 0:44:44]} 61. Kxg7 {[%clk 0:22:49]} 1/2-1/2